Dì Bette : Tiểu thuyết
محفوظ في:
| المؤلف الرئيسي: | |
|---|---|
| التنسيق: | كتاب |
| اللغة: | Undetermined |
| منشور في: |
Cà Mau
Mũi Cà Mau
1987
|
| الموضوعات: | |
| الوسوم: |
إضافة وسم
لا توجد وسوم, كن أول من يضع وسما على هذه التسجيلة!
|
| Thư viện lưu trữ: | Trung tâm Học liệu Trường Đại học Cần Thơ |
|---|
| LEADER | 00571nam a2200205Ia 4500 | ||
|---|---|---|---|
| 001 | CTU_32693 | ||
| 008 | 210402s9999 xx 000 0 und d | ||
| 082 | |a 843.7 | ||
| 082 | |b B197/T.2 | ||
| 100 | |a Balzac, Honoré de | ||
| 245 | 0 | |a Dì Bette : | |
| 245 | 0 | |b Tiểu thuyết | |
| 245 | 0 | |c Honoré de Balzac ; Nguyễn Văn Trấn (dịch) | |
| 260 | |a Cà Mau | ||
| 260 | |b Mũi Cà Mau | ||
| 260 | |c 1987 | ||
| 650 | |a French fiction | ||
| 650 | |y 19th century | ||
| 904 | |i Qhieu sửa | ||
| 980 | |a Trung tâm Học liệu Trường Đại học Cần Thơ | ||